Newnes audio and Hi-Fi handbook / (Record no. 60694)
[ view plain ]
| 000 -LEADER | |
|---|---|
| fixed length control field | 01312cam a2200337 a 4500 |
| 001 - CONTROL NUMBER | |
| control field | 2034127 |
| 003 - CONTROL NUMBER IDENTIFIER | |
| control field | NUST-PNEC |
| 005 - DATE AND TIME OF LATEST TRANSACTION | |
| control field | 20170116180705.0 |
| 008 - FIXED-LENGTH DATA ELEMENTS--GENERAL INFORMATION | |
| fixed length control field | 921228s1993 enka b 001 0 eng |
| 010 ## - LIBRARY OF CONGRESS CONTROL NUMBER | |
| LC control number | 92047239 |
| 020 ## - INTERNATIONAL STANDARD BOOK NUMBER | |
| International Standard Book Number | 075060932X |
| 040 ## - CATALOGING SOURCE | |
| Original cataloging agency | DLC |
| Transcribing agency | PNEC |
| 050 00 - LIBRARY OF CONGRESS CALL NUMBER | |
| Classification number | TK7881.7 |
| Item number | .N476 1993 |
| 082 00 - DEWEY DECIMAL CLASSIFICATION NUMBER | |
| Classification number | 621.3893 SIN |
| Edition number | 20 |
| 100 ## - MAIN ENTRY--PERSONAL NAME | |
| 9 (RLIN) | 322 |
| Personal name | Sinclair, Ian R. |
| 245 00 - TITLE STATEMENT | |
| Title | Newnes audio and Hi-Fi handbook / |
| Statement of responsibility, etc. | editor, Ian R. Sinclair. |
| 250 ## - EDITION STATEMENT | |
| Edition statement | 2nd ed. |
| 260 ## - PUBLICATION, DISTRIBUTION, ETC. | |
| Place of publication, distribution, etc. | Oxford : |
| Name of publisher, distributor, etc. | Butterworth-Heinemann, |
| Date of publication, distribution, etc. | 1993. |
| 300 ## - PHYSICAL DESCRIPTION | |
| Extent | xvii, 820 p. : |
| Other physical details | ill. ; |
| Dimensions | 24 cm. |
| 500 ## - GENERAL NOTE | |
| General note | Includes Index http://www.amazon.com/Newnes-Audio-Hi-Fi-Handbook-Sinclair/dp/075060932X/ref=sr_1_1?s=books&ie=UTF8&qid=1411194349&sr=1-1&keywords=075060932x |
| 500 ## - GENERAL NOTE | |
| General note | Cover title: Newnes audio & Hi-Fi handbook. |
| 504 ## - BIBLIOGRAPHY, ETC. NOTE | |
| Bibliography, etc. note | Includes bibliographical references and index. |
| 650 #0 - SUBJECT ADDED ENTRY--TOPICAL TERM | |
| Topical term or geographic name entry element | High-fidelity sound systems. |
| General subdivision | EL, EE |
| 700 1# - ADDED ENTRY--PERSONAL NAME | |
| Personal name | Sinclair, Ian Robertson. |
| 730 0# - ADDED ENTRY--UNIFORM TITLE | |
| Uniform title | Audio electronics reference book. |
| 740 0# - ADDED ENTRY--UNCONTROLLED RELATED/ANALYTICAL TITLE | |
| Uncontrolled related/analytical title | Audio and Hi-Fi handbook. |
| 740 0# - ADDED ENTRY--UNCONTROLLED RELATED/ANALYTICAL TITLE | |
| Uncontrolled related/analytical title | Newnes audio & Hi-Fi handbook. |
| 906 ## - LOCAL DATA ELEMENT F, LDF (RLIN) | |
| a | 7 |
| b | cbc |
| c | orignew |
| d | 1 |
| e | ocip |
| f | 19 |
| g | y-gencatlg |
| 942 ## - ADDED ENTRY ELEMENTS (KOHA) | |
| Source of classification or shelving scheme | |
| Koha item type | Book |
| Withdrawn status | Lost status | Source of classification or shelving scheme | Damaged status | Not for loan | Permanent Location | Current Location | Shelving location | Date acquired | Source of acquisition | Cost, normal purchase price | Total Checkouts | Full call number | Barcode | Date last seen | Cost, replacement price | Price effective from | Koha item type |
|---|---|---|---|---|---|---|---|---|---|---|---|---|---|---|---|---|---|
| Pakistan Navy Engineering College (PNEC) | Pakistan Navy Engineering College (PNEC) | Reference | 12/17/1995 | Pak Book Corporation | 2270.40 | 621.3893 SIN | PNECLIB-018202 | 09/20/2014 | 2270.40 | 12/17/1995 | Book |
